| 000 | 01378cam a22003257a 4500 | ||
|---|---|---|---|
| 001 | 13096685 | ||
| 003 | OSt | ||
| 005 | 20240611091700.0 | ||
| 008 | 030220s2003 caua b 001 0 eng d | ||
| 010 | _a 2003102703 | ||
| 020 | _a1558608168 (MK pub.) | ||
| 020 | _a3898642186 (dpunkt pub.) | ||
| 035 | _a(DLC)13096685 | ||
| 040 |
_aNjNC _cNjNC _dCU _dDLC |
||
| 042 | _alccopycat | ||
| 050 | 0 | 0 |
_a004 DAV 2003 _bD418 2003 |
| 100 | 1 |
_aDaum, Berthold, _d1949- _917006 |
|
| 245 | 1 | 0 |
_aModeling business objects with XML schema / _cBerthold Daum. |
| 260 |
_aSan Francisco, Calif. : _bMorgan Kaufmann ; _aHeidelberg, Germany : _bdpunkt.verlag, _c2003. |
||
| 300 |
_axxv, 535 p. : _bill. ; _c24 cm. |
||
| 500 | _a"Copublished by Morgan Kaufmann Publishers and dpunkt.verlag"--T.p. verso. | ||
| 504 | _aIncludes bibliographical references (p. 503-506) and index. | ||
| 650 | 0 |
_aXML (Document markup language) _917007 |
|
| 856 | 4 | 1 |
_3Table of contents _uhttp://www.loc.gov/catdir/toc/els051/2003102703.html |
| 856 | 4 | 2 |
_3Publisher description _uhttp://www.loc.gov/catdir/description/els051/2003102703.html |
| 906 |
_a7 _bcbc _ccopycat _d3 _encip _f20 _gy-gencatlg |
||
| 942 |
_2ddc _cO_SHELF |
||
| 999 |
_c8359 _d8359 |
||